| 000 | 01003nam a2200265 i 4500 | ||
|---|---|---|---|
| 001 | 172624 | ||
| 003 | ES-MaACL | ||
| 005 | 20250831022016.0 | ||
| 008 | 090731s1997 gw |||| | fre d | ||
| 020 | _a2-264-02578-6 | ||
| 080 | _a973(=97)"17/18" | ||
| 080 | _a910.4(73-15) | ||
| 100 | 1 |
_aJackson, Helen Hunt. _9141128 |
|
| 245 | 1 | 3 |
_aUn siècle de déshonneur / _cpar Helen Hunt Jackson ; traduit de l'américain, présenté et commenté par Eric Viel. |
| 260 |
_aParis : _b10-18, _c1997. |
||
| 300 |
_a365, [3] p. : _bmapas ; _c18 cm. |
||
| 490 | 1 |
_aBibliothèques 10-18 ; _v730 |
|
| 650 | 4 |
_aIndios de América del Norte- _xGuerras. _913678 |
|
| 650 | 4 |
_aIndios de América del Norte- _xHistoria. _913679 |
|
| 651 | 4 |
_aOeste (Estados Unidos)- _xDescubrimientos y exploraciones _99127 |
|
| 700 | 1 |
_aViel, Éric. _9141129 |
|
| 830 | 0 |
_aBibliothèques 10-18 ; _v730 _9223394 |
|
| 852 | 4 |
_aES-MaACL _jE-12915 _9R.139290 _z. - Biblioteca Jacinto Martínez Lacalle |
|
| 999 |
_c172624 _d172624 |
||